[Event "Titled Tuesday intern op 12th Sep Early"]
[Site "Chess.com INT"]
[Date "2023.09.12"]
[Round "11"]
[White "Martine, Jean Christophe"]
[Black "Avazkhonov, Alikhon"]
[Result "0-1"]
[WhiteElo "1998"]
[BlackElo "1538"]
[PlyCount "82"]
[EventDate "2023.09.12"]
[EventType "swiss (blitz)"]
[EventRounds "11"]
[EventCountry "USA"]
[SourceTitle "EXT 2024"]
[Source "ChessBase"]
[SourceDate "2023.10.10"]
[SourceVersion "1"]
[SourceVersionDate "2023.10.10"]
[SourceQuality "1"]

1. d4 d5 2. Nf3 c6 3. Nbd2 Nf6 4. e3 e6 5. Bd3 Bd6 6. 0-0 0-0 7. Qe2 c5 8. c3 Nc6 9. dxc5 Bxc5 10. e4 b6 11. b4 Be7 12. Re1 Bb7 13. e5 Nd7 14. Nb3 a5 15. b5 Na7 16. Nbd4 Rc8 17. Bd2 Nc5 18. Bc2 Ne4 19. Qd3 Qc7 20. Re3 Qc4 21. Be1 Qxd3 22. Rxd3 Ba3 23. Rb1 Rc4 24. Nd2 Rxc3 25. Nxe4 Rxd3 26. Bxd3 dxe4 27. Be2 Rd8 28. Nc6 Nxc6 29. bxc6 Bxc6 30. Rxb6 Bd5 31. Ra6 Bb4 32. a3 Bxe1 33. Kf1 Bc3 34. Rd6 Rxd6 35. exd6 Bf6 36. Bb5 Kf8 37. Ke2 Be5 38. g3 f5 39. d7 Ke7 40. Ke3 g5 41. h4 f4+ 0-1

[Event "Titled Tuesday intern op 05th Sep Early"]
[Site "Chess.com INT"]
[Date "2023.09.05"]
[Round "3"]
[White "Avazkhonov, Alikhon"]
[Black "Leenhouts, Koen"]
[Result "0-1"]
[WhiteElo "1538"]
[BlackElo "2444"]
[PlyCount "84"]
[EventDate "2023.09.05"]
[EventType "swiss (blitz)"]
[EventRounds "11"]
[EventCountry "USA"]
[SourceTitle "EXT 2024"]
[Source "ChessBase"]
[SourceDate "2023.10.10"]
[SourceVersion "1"]
[SourceVersionDate "2023.10.10"]
[SourceQuality "1"]

1. d4 Nf6 2. c4 e6 3. Nc3 Bb4 4. f3 d5 5. a3 Bxc3+ 6. bxc3 0-0 7. cxd5 exd5 8. e3 c5 9. Bd3 b6 10. Ne2 Ba6 11. 0-0 Bxd3 12. Qxd3 Re8 13. g4 Nc6 14. Ng3 Rc8 15. Ra2 c4 16. Qb1 Na5 17. g5 Nd7 18. e4 Nb3 19. e5 b5 20. f4 a5 21. Nf5 Rc6 22. Nd6 Rxd6 23. exd6 Nb6 24. f5 Na4 25. Rc2 Qxd6 26. f6 Re4 27. fxg7 Rg4+ 28. Rg2 Qe6 29. Qc2 b4 30. axb4 axb4 31. cxb4 Rxg2+ 32. Qxg2 Nxd4 33. Qf2 Ne2+ 34. Kh1 d4 35. Bf4 d3 36. b5 c3 37. Bc7 d2 38. Qg2 c2 39. Qa8+ Kxg7 40. Qxa4 d1Q 41. Rxd1 cxd1Q+ 42. Qxd1 Qe4# 0-1

[Event "Titled Tuesday intern op 22nd Aug Early"]
[Site "Chess.com INT"]
[Date "2023.08.22"]
[Round "6"]
[White "Avazkhonov, Alikhon"]
[Black "Hnydiuk, Aleksander"]
[Result "1-0"]
[WhiteElo "1538"]
[BlackElo "2345"]
[PlyCount "37"]
[EventDate "2023.08.22"]
[EventType "swiss (blitz)"]
[EventRounds "11"]
[EventCountry "USA"]
[SourceTitle "EXT 2024"]
[Source "ChessBase"]
[SourceDate "2023.10.10"]
[SourceVersion "1"]
[SourceVersionDate "2023.10.10"]
[SourceQuality "1"]

1. d4 c5 2. d5 g6 3. e4 Bg7 4. c4 d6 5. Nc3 Nf6 6. Bd3 0-0 7. Nge2 e5 8. 0-0 Nh5 9. h3 f5 10. f3 Bf6 11. exf5 gxf5 12. g4 Ng7 13. Ng3 Bg5 14. Nxf5 Nxf5 15. Bxf5 Bxf5 16. gxf5 Rxf5 17. Ne4 Bxc1 18. Qxc1 Kh8 19. Qh6 1-0

[Event "Titled Tuesday intern op 15th Aug Early"]
[Site "Chess.com INT"]
[Date "2023.08.15"]
[Round "10"]
[White "Avazkhonov, Alikhon"]
[Black "Ehrlich, Roy"]
[Result "0-1"]
[WhiteElo "1538"]
[BlackElo "2228"]
[PlyCount "90"]
[EventDate "2023.08.15"]
[EventType "swiss (blitz)"]
[EventRounds "11"]
[EventCountry "USA"]
[SourceTitle "EXT 2024"]
[Source "ChessBase"]
[SourceDate "2023.10.10"]
[SourceVersion "1"]
[SourceVersionDate "2023.10.10"]
[SourceQuality "1"]

1. d4 Nf6 2. c4 e6 3. Nc3 Bb4 4. e3 b6 5. Bd2 Bb7 6. Nf3 0-0 7. Bd3 Re8 8. 0-0 d6 9. a3 Bxc3 10. Bxc3 Ne4 11. Bxe4 Bxe4 12. d5 e5 13. b4 Nd7 14. Nd2 Bg6 15. f4 Bd3 16. Rf3 exf4 17. exf4 Be2 18. Qe1 Bxf3 19. Qg3 f6 20. Nxf3 Qe7 21. Re1 Qf7 22. Nd4 Rxe1+ 23. Qxe1 Re8 24. Ne6 b5 25. cxb5 Nb6 26. f5 Nxd5 27. Bd4 Nf4 28. Bxa7 Nxe6 29. fxe6 Rxe6 30. Qc3 Qe7 31. Bf2 Re2 32. a4 Kf8 33. a5 Ra2 34. h3 Qe2 35. Qf3 Qxb5 36. Kh2 h5 37. Bg3 Qxb4 38. Qxh5 Qd2 39. Qh8+ Kf7 40. Qh5+ Ke7 41. Qf3 Rxa5 42. Qe4+ Kf7 43. Qc4+ Kg6 44. Qxc7 Ra2 45. Qc6 d5 0-1

[Event "Titled Tuesday intern op 15th Aug Early"]
[Site "Chess.com INT"]
[Date "2023.08.15"]
[Round "6"]
[White "Floresvillar Gonzalez, Luis Miguel"]
[Black "Avazkhonov, Alikhon"]
[Result "0-1"]
[WhiteElo "2019"]
[BlackElo "1538"]
[PlyCount "38"]
[EventDate "2023.08.15"]
[EventType "swiss (blitz)"]
[EventRounds "11"]
[EventCountry "USA"]
[SourceTitle "EXT 2024"]
[Source "ChessBase"]
[SourceDate "2023.10.10"]
[SourceVersion "1"]
[SourceVersionDate "2023.10.10"]
[SourceQuality "1"]

1. c4 e5 2. g3 d6 3. Bg2 f5 4. d3 Nf6 5. Bg5 Be7 6. Nf3 0-0 7. h4 h6 8. Bxf6 Bxf6 9. Nc3 Nc6 10. Nd5 Be6 11. Nxf6+ Qxf6 12. Qd2 e4 13. Nh2 d5 14. cxd5 Bxd5 15. 0-0 Rad8 16. dxe4 Bxe4 17. Qc3 Nd4 18. Bf3 Bxf3 19. Qxc7 Nxe2# 0-1

[Event "Titled Tuesday intern op 15th Aug Early"]
[Site "Chess.com INT"]
[Date "2023.08.15"]
[Round "8"]
[White "Goncharov, Vladimir"]
[Black "Avazkhonov, Alikhon"]
[Result "1-0"]
[WhiteElo "2077"]
[BlackElo "1538"]
[PlyCount "79"]
[EventDate "2023.08.15"]
[EventType "swiss (blitz)"]
[EventRounds "11"]
[EventCountry "USA"]
[SourceTitle "EXT 2024"]
[Source "ChessBase"]
[SourceDate "2023.10.10"]
[SourceVersion "1"]
[SourceVersionDate "2023.10.10"]
[SourceQuality "1"]

1. d4 Nf6 2. c4 g6 3. Nc3 d5 4. cxd5 Nxd5 5. e4 Nxc3 6. bxc3 Bg7 7. Bb5+ Nd7 8. Ne2 0-0 9. 0-0 c5 10. Be3 a6 11. Bd3 Qc7 12. Rc1 e5 13. f4 c4 14. Bb1 exd4 15. cxd4 b5 16. f5 Bb7 17. Qe1 Rfe8 18. fxg6 hxg6 19. Qh4 Qb6 20. Qf4 Nf6 21. e5 Qe6 22. Qh4 Nd5 23. Bg5 Qc6 24. Rf3 Ne7 25. Rcf1 Nf5 26. Bxf5 gxf5 27. Bf6 Bxf6 28. exf6 Qxf3 29. gxf3 Rxe2 30. Qg5+ Kf8 31. Qg7+ Ke8 32. Qg8+ Kd7 33. Qxf7+ Kc6 34. Qg6 Rf8 35. f7+ Kd7 36. h4 Bd5 37. h5 Rxf7 38. h6 Ree7 39. Kf2 Rh7 40. Re1 1-0

[Event "Titled Tuesday intern op 08th Aug Early"]
[Site "Chess.com INT"]
[Date "2023.08.08"]
[Round "2"]
[White "Avazkhonov, Alikhon"]
[Black "Sasvatha, A."]
[Result "1-0"]
[WhiteElo "1538"]
[BlackElo "1783"]
[PlyCount "109"]
[EventDate "2023.08.08"]
[EventType "swiss (blitz)"]
[EventRounds "11"]
[EventCountry "USA"]
[SourceTitle "EXT 2024"]
[Source "ChessBase"]
[SourceDate "2023.10.10"]
[SourceVersion "1"]
[SourceVersionDate "2023.10.10"]
[SourceQuality "1"]

1. d4 Nf6 2. c4 e6 3. Nc3 Bb4 4. e3 c5 5. Bd3 Nc6 6. Nge2 cxd4 7. exd4 Qb6 8. Be3 d5 9. c5 Qc7 10. a3 Bxc3+ 11. Nxc3 a6 12. 0-0 0-0 13. b4 h5 14. g3 Ng4 15. Bf4 Qd7 16. Bc2 Qe7 17. Bd6 Qf6 18. Qd3 g6 19. Bxf8 Kxf8 20. Ne2 h4 21. h3 Nh6 22. g4 e5 23. f4 e4 24. Qe3 Bxg4 25. hxg4 Nxg4 26. Qc3 Kg7 27. Kg2 Rh8 28. Rh1 Ne7 29. Rh3 Nf5 30. Rah1 g5 31. Qd2 gxf4 32. Qxf4 Qg6 33. Kf1 Rh5 34. Rg1 Nfe3+ 35. Rxe3 Rf5 36. Rf3 Rxf4 37. Rxf4 f5 38. Ke1 h3 39. Ng3 h2 40. Nxf5+ Qxf5 41. Rgxg4+ Kh6 42. Rh4+ Kg5 43. Rxf5+ Kxh4 44. Rf1 Kg3 45. Bb3 Kg2 46. Bxd5 h1Q 47. Bxe4+ Kh2 48. Bxh1 Kg3 49. d5 Kg4 50. d6 Kg5 51. d7 Kg6 52. d8Q Kg7 53. Qg5+ Kh7 54. Rf7+ Kh8 55. Qg7# 1-0

[Event "Titled Tuesday intern op 08th Aug Early"]
[Site "Chess.com INT"]
[Date "2023.08.08"]
[Round "9"]
[White "Srivatsan, Karthikeyan"]
[Black "Avazkhonov, Alikhon"]
[Result "0-1"]
[WhiteElo "1813"]
[BlackElo "1538"]
[PlyCount "90"]
[EventDate "2023.08.08"]
[EventType "swiss (blitz)"]
[EventRounds "11"]
[EventCountry "USA"]
[SourceTitle "EXT 2024"]
[Source "ChessBase"]
[SourceDate "2023.10.10"]
[SourceVersion "1"]
[SourceVersionDate "2023.10.10"]
[SourceQuality "1"]

1. e4 c5 2. Nf3 d6 3. d4 cxd4 4. Nxd4 Nf6 5. f3 a6 6. c4 g6 7. Nc3 Bg7 8. Be3 0-0 9. Be2 Bd7 10. 0-0 Nc6 11. Qd2 Rc8 12. Rac1 Nxd4 13. Bxd4 Bc6 14. Rfd1 Kh8 15. Nd5 Nxd5 16. cxd5 Bd7 17. Bxg7+ Kxg7 18. Qd4+ f6 19. b4 Rc7 20. Rc4 b5 21. Rxc7 Qxc7 22. Rd2 Rc8 23. Qb2 Qb6+ 24. Kf1 Qe3 25. h3 Kf7 26. a4 f5 27. exf5 Bxf5 28. axb5 axb5 29. Bxb5 Rc3 30. Be2 Rb3 31. Qd4 Rb1+ 32. Bd1 Qa3 33. g4 Bd7 34. Qh8 Qxf3+ 35. Ke1 Qh1+ 36. Ke2 Bb5+ 37. Ke3 Rxd1 38. Qxh7+ Kf6 39. Rf2+ Ke5 40. Qxe7+ Kxd5 41. Qb7+ Kc4 42. Qc7+ Kb3 43. Qf7+ Kxb4 44. Rf3 Rd3+ 45. Kf4 Rxf3+ 0-1

[Event "Titled Tuesday intern op 25th Jul Early"]
[Site "Chess.com INT"]
[Date "2023.07.25"]
[Round "9"]
[White "Avazkhonov, Alikhon"]
[Black "Fernandez Bustamante, Leancy B"]
[Result "1-0"]
[WhiteElo "1538"]
[BlackElo "2059"]
[PlyCount "69"]
[EventDate "2023.07.25"]
[EventType "swiss (blitz)"]
[EventRounds "11"]
[EventCountry "USA"]
[SourceTitle "EXT 2024"]
[Source "ChessBase"]
[SourceDate "2023.10.10"]
[SourceVersion "1"]
[SourceVersionDate "2023.10.10"]
[SourceQuality "1"]

1. d4 c5 2. d5 d6 3. c4 e5 4. Nc3 Nf6 5. e4 g6 6. Be2 Bg7 7. Nf3 0-0 8. 0-0 Na6 9. a3 Nc7 10. b4 b6 11. Ne1 Nfe8 12. Nd3 f5 13. f3 f4 14. Bd2 h5 15. Be1 g5 16. Bf2 Rf7 17. Rb1 Bf8 18. bxc5 bxc5 19. Bxc5 dxc5 20. Nxe5 Rg7 21. Nc6 Qd7 22. e5 g4 23. Ne4 g3 24. h3 Ne6 25. dxe6 Qxc6 26. Nf6+ Kh8 27. Qd5 Bb7 28. Nd7 Nc7 29. Qd3 Nxe6 30. Nf6 Nd4 31. Rb2 Rd8 32. Rfb1 Qc8 33. Rxb7 Rxb7 34. Rxb7 Qxb7 35. Qg6 1-0

[Event "Titled Tuesday intern op 25th Jul Early"]
[Site "Chess.com INT"]
[Date "2023.07.25"]
[Round "5"]
[White "Khusenkhojaev, Muhammad"]
[Black "Avazkhonov, Alikhon"]
[Result "1-0"]
[WhiteElo "2375"]
[BlackElo "1538"]
[PlyCount "49"]
[EventDate "2023.07.25"]
[EventType "swiss (blitz)"]
[EventRounds "11"]
[EventCountry "USA"]
[SourceTitle "EXT 2024"]
[Source "ChessBase"]
[SourceDate "2023.10.10"]
[SourceVersion "1"]
[SourceVersionDate "2023.10.10"]
[SourceQuality "1"]

1. e4 c5 2. Nf3 d6 3. d4 cxd4 4. Nxd4 Nf6 5. Nc3 a6 6. Bg5 e6 7. f4 h6 8. Bh4 Be7 9. Qf3 Qc7 10. 0-0-0 Nbd7 11. Bd3 g5 12. fxg5 Ne5 13. Qe2 Nfg4 14. Nf3 Nxf3 15. gxf3 hxg5 16. Bg3 Ne5 17. Kb1 Bd7 18. Qf2 0-0-0 19. Be2 Kb8 20. h4 gxh4 21. Bxh4 Bxh4 22. Rxh4 Qc5 23. Qxc5 dxc5 24. Rxh8 Rxh8 25. f4 1-0

[Event "Titled Tuesday intern op 25th Jul Early"]
[Site "Chess.com INT"]
[Date "2023.07.25"]
[Round "3"]
[White "Mesfin, Leykun"]
[Black "Avazkhonov, Alikhon"]
[Result "0-1"]
[WhiteElo "2099"]
[BlackElo "1538"]
[PlyCount "74"]
[EventDate "2023.07.25"]
[EventType "swiss (blitz)"]
[EventRounds "11"]
[EventCountry "USA"]
[SourceTitle "EXT 2024"]
[Source "ChessBase"]
[SourceDate "2023.10.10"]
[SourceVersion "1"]
[SourceVersionDate "2023.10.10"]
[SourceQuality "1"]

1. e4 c5 2. Nf3 d6 3. d4 cxd4 4. Nxd4 Nf6 5. Nc3 a6 6. Be3 e5 7. Nb3 Be6 8. f3 h5 9. Qd2 Nbd7 10. 0-0-0 Rc8 11. Kb1 b5 12. h3 h4 13. Nd5 Bxd5 14. exd5 Nb6 15. Bxb6 Qxb6 16. Bd3 g6 17. f4 Bh6 18. Rhf1 0-0 19. Qf2 Bxf4 20. Qxh4 Nxd5 21. Bxg6 fxg6 22. Rxd5 Qc6 23. Rdd1 Qxc2+ 24. Ka1 Rc6 25. Qg4 Qf5 26. Qe2 Rc2 27. Qe1 Rxg2 28. Qa5 Qc2 29. Qa3 b4 30. Nd4 exd4 31. Qb3+ Qxb3 32. axb3 Be5 33. Rg1 Rff2 34. Rxg2 Rxg2 35. Ka2 d3 36. Rxd3 Rxb2+ 37. Ka1 Rxb3+ 0-1

[Event "Titled Tuesday intern op 11th Jul Early"]
[Site "Chess.com INT"]
[Date "2023.07.11"]
[Round "2"]
[White "Avazkhonov, Alikhon"]
[Black "Begmuratov, Alisher"]
[Result "0-1"]
[WhiteElo "1538"]
[BlackElo "2395"]
[PlyCount "104"]
[EventDate "2023.07.11"]
[EventType "swiss (blitz)"]
[EventRounds "11"]
[EventCountry "USA"]
[SourceTitle "EXT 2024"]
[Source "ChessBase"]
[SourceDate "2023.10.10"]
[SourceVersion "1"]
[SourceVersionDate "2023.10.10"]
[SourceQuality "1"]

1. d4 d5 2. c4 e6 3. Nc3 Nf6 4. cxd5 exd5 5. Bg5 Be7 6. e3 c6 7. Bd3 0-0 8. Qc2 Nbd7 9. Nf3 h6 10. Bh4 Re8 11. 0-0-0 Ne4 12. Bxe4 Bxh4 13. Bh7+ Kh8 14. Bd3 Nf8 15. Rdg1 Bf6 16. g4 c5 17. h4 cxd4 18. exd4 Qd6 19. Qd2 Bd8 20. g5 h5 21. Ne5 Rxe5 22. dxe5 Qxe5 23. Qe2 Qf4+ 24. Kb1 Bf5 25. Nxd5 Bxd3+ 26. Qxd3 Qd6 27. Qf3 Qg6+ 28. Ka1 Ne6 29. Nf4 Nxf4 30. Qxf4 Bb6 31. Rd1 Rc8 32. Rd7 Rc2 33. Qxf7 Qxf7 34. Rxf7 Kg8 35. Rxb7 Rxf2 36. a3 Kh7 37. Rg1 Bd4 38. g6+ Kh6 39. Rg5 Bf6 40. Ra5 Bxh4 41. Raxa7 Bf6 42. Rb5 h4 43. Raa5 Kxg6 44. Rh5 Rxb2 45. Rhg5+ Bxg5 46. Kxb2 h3 47. Rd5 Kh5 48. Rd1 Kh4 49. a4 h2 50. a5 Be3 51. a6 Bg1 52. Kc2 h1Q 0-1